Statistics for World Cities by Clue Quiz #4

Click here to take the quiz!

General Stats

  • This quiz has been taken 13,844 times
  • The average score is 11 of 20

Answer Stats

Clues City % Correct
Table Mountain, Robben Island,
Good Hope
Cape Town
83%
Medici, Michelangelo, Ponte VecchioFlorence
81%
Kaaba, Largest Clock Tower, HajjMecca
75%
Formerly Portuguese, Most Casinos,
Near Hong Kong
Macau
66%
Shroud, 2006 Olympics, Po RiverTurin
65%
Blackhawk Down, Modern Pirates,
Horn of Africa
Mogadishu
61%
Former Capital, Home of Shoguns,
400 Shinto Shrines
Kyoto
60%
Lion City, 2nd Busiest Port, MicronationSingapore
58%
Pillar of Hercules, Ruled by Brits, The RockGibraltar
55%
Barracks Bombing, Maronite Patriarch,
Paris of the Middle East
Beirut
49%
Aquae Sulis, Spa Town,
Chaucer's Wife of ...
Bath
49%
Founded by Pizarro, Pisco Sour, BeanLima
47%
Trinity College, Isaac Newton, Pink FloydCambridge
47%
Quezon City, Rizal Park, FolderManila
45%
'Wegians, Firth of Clyde,
Mysterious Low Life Expectancy
Glasgow
43%
Nollywood, Crude Oil Port, Afrobeat MusicLagos
41%
Has a Grand Duke, EU Court, BonnevoieLuxembourg
40%
Steel City, The Full Monty, YorkshireSheffield
38%
Sampa, Helicopter Commuters,
Ayrton Senna
São Paulo
37%
Oilers, Huge Mall, Jasper AvenueEdmonton
36%

Score Distribution

Percentile by Number Answered

Percent of People with Each Score

Your Score History

You have not taken this quiz